| 000 | 02778nam a22003857a 4500 | ||
|---|---|---|---|
| 001 | 1004947.0 | ||
| 003 | KnowledgeUnlatched | ||
| 005 | 20210303104851.0 | ||
| 006 | m o d | ||
| 007 | cr u|||||||||| | ||
| 008 | 210129p20192020cau o u00| u eng d | ||
| 037 | _5BiblioBoard | ||
| 245 | 0 | 0 |
_aCreating the Intellectual _bChinese Communism and the Rise of a Classification / _cEddy U. |
| 020 | _a9780520972827 | ||
| 024 | 8 | _ahttps://doi.org/10.1525/luminos.68 | |
| 029 | 1 | _ahttps://library.biblioboard.com/ext/api/media/f59a0ddd-e4bb-4083-a86c-23875b09439c/assets/thumbnail.jpg | |
| 040 |
_aScCtBLL _cScCtBLL |
||
| 100 | 1 |
_aU, Eddy _eauthor. |
|
| 264 | 1 | _bUniversity of California Press, | |
| 300 | _a1 online resource (1 p.) | ||
| 506 | 0 |
_aAccess copy available to the general public. _fUnrestricted _2star |
|
| 520 | _aThis book offers a new analysis of the intellectual and the Chinese socialist revolution. Under the Chinese Communist Party, the intellectual was never simply an outspoken scholar, a browbeaten artist, a supportive official, or any kind of person facing an increasingly powerful political regime. The intellectual was first and foremost a widening classification of people based on Marxist thought. As the party turned revolutionaries and otherwise perfectly ordinary people into subjects identified locally as intellectuals, their appearance profoundly affected the political thinking of the party elites and how they organized the revolution, as well as postrevolutionary Chinese society. Drawing on a wide range of data, Eddy U takes the reader on a fascinating journey that examines political discourses, revolutionary strategies, rural activities, official registrations, organized protests, work organizations, and theater productions. The book lays out in colorful details the formation of new identities and new patterns of organization, association, and calculus. The outcome is a compelling picture of the mutual constitution of the intellectual and the Chinese socialist revolution, the impact of which is still visible in globalized China. | ||
| 588 | 0 | _aDescription based on print version record. | |
| 590 | _aLuminos | ||
| 650 | 7 |
_aHistory / Asia / China _2bisacsh |
|
| 650 | 7 |
_aHistory / Asia _2bisacsh |
|
| 650 | 7 |
_aSocial Science / Sociology _2bisacsh |
|
| 650 | 0 | _aHistory | |
| 655 | 0 | _aElectronic books. | |
| 758 |
_iIs found in: _aKnowledge Unlatched _1https://openresearchlibrary.org/module/2774bc74-146a-484f-a7ba-ab1d6a09bbfb |
||
| 856 | 4 | 0 |
_uhttps://openresearchlibrary.org/content/f59a0ddd-e4bb-4083-a86c-23875b09439c _zView this content on Open Research Library. _70 |
| 999 |
_c32791 _d32791 |
||